Embarrassing Chapters in Austrian History - Statistics

General Stats
  • This quiz has been taken 387 times
  • The average score is 7 of 16
Answer Stats
Hint Answer % Correct
This dictator was born in Braunau am Inn, Upper Austria. Adolf Hitler
97%
Because of a happening in this city, Austria started WWI. Sarajevo
89%
It is generally regarded false, that she had said "Let them eat cake". Marie Antoinette
86%
This pandemic killed one third of Vienna's population. Black Death
83%
The annexion of Austria goes by this name. Anschluss
70%
This country's national anthem was "stolen" from the Austrian Empire.* Germany
52%
In this city four Lords regents were defenestrated for forcing catholicism on the residents. Prague
51%
The above event led to this war. Thirty Years' War
46%
Austria is one of the few European countries to have an altogether ban on this clothing. Burka
36%
This Austrian company is the largest producer of automatic weapons. Glock
34%
Austrian right-wing politicians show willingness to corruption on this island. (2019) Ibiza
27%
This far-right Carinthian politician had connections with Gaddafi and died in a car crash. Jörg Haider
21%
This post-war president was found guilty of war crimes. Kurt Waldheim
17%
This Lower Austrian politician had been active in an antisemitic Burschenschaft. Udo Landbauer
7%
These people were held in a "prison" in Drasenhofen, were they were beaten. Refugees
6%
He is one of Austria's most famous authors, was an active Nazi, first name: Heimito Heimito {von} {Doderer}
5%
No matching quizzes found
Score Distribution
Percent of People with Each Score
Percentile by Number Answered
Your Score History
You have not taken this quiz